000 00252nam a2200097Ia 4500
001 719109
005 20250826163036.0
008 250824s9999 xx 000 0 und d
245 0 _aZAMANIN GÖLGESİ ADEM İLE HAVVA
_cMERT ÖZ
260 _bDESTEK YAYINLARI
999 _c719109
_d719109